The Pioneers

Bibliographische Detailangaben
1. Verfasser: J. F. Cooper
Zusammenfassung:Книга находится в премиум-версии платформы «Русский как иностранный».
The Pioneers enters of Cooper’s Leatherstocking Tales, and the one that incorporates most fully his own experience of growing up in a town of the American frontier. The heart of the novel is a conflict over who owns America, and by what concept of right. The competing claims of Native Americans, Tory loyalists, roving hunters, and visionary cultivators are pitted against one another in the area of history, and the magical village of Cooper’s youth becomes the scene in which a nation’s destiny is forged. Just as accessible and enjoyable for today’s modern readers as it would have been when first published well over a century ago, the novel is one of the great works of American literature and continues to be widely read throughout the world.
Veröffentlicht: Москва, T8RUGRAM, 2018
Schlagworte:
Online-Zugang:Перейти к просмотру издания
Format: MixedMaterials Elektronisch

MARC

LEADER 00000 a2200000 4500
001 RU/ROS-EDU.RU/84810
856 4 |u https://www.ros-edu.ru/book?id=84810  |z Перейти к просмотру издания 
010 |a 978-5-521-06445-8 
100 |a 20180101d2018 |||y0rusy0250  
105 |a y z 000zy 
101 0 |a rus 
102 |a RU 
200 1 |a The Pioneers  |b Электронный ресурс  |f J. F. Cooper 
700 1 |b J. F.  |a Cooper  |4 070 
330 |a The Pioneers enters of Cooper’s Leatherstocking Tales, and the one that incorporates most fully his own experience of growing up in a town of the American frontier. The heart of the novel is a conflict over who owns America, and by what concept of right. The competing claims of Native Americans, Tory loyalists, roving hunters, and visionary cultivators are pitted against one another in the area of history, and the magical village of Cooper’s youth becomes the scene in which a nation’s destiny is forged. Just as accessible and enjoyable for today’s modern readers as it would have been when first published well over a century ago, the novel is one of the great works of American literature and continues to be widely read throughout the world. 
210 |a Москва  |c T8RUGRAM  |d 2018 
610 1 |a художественная литература 
610 1 |a английский язык 
610 1 |a зарубежная проза 
610 1 |a классика 
610 1 |a роман 
675 |a 82 
686 |a 84  |2 rubbk 
300 |a Книга находится в премиум-версии платформы «Русский как иностранный». 
215 |a 603 с.